| 000 | 01370nam a22002777a 4500 | ||
|---|---|---|---|
| 003 | PE SENCICO BE | ||
| 005 | 20251020182712.0 | ||
| 008 | 250225b |||||||| |||| 00| 0 eng d | ||
| 020 | _a958-9247-21-0 | ||
| 040 |
_aPE SENCICO BE _cPE SENCICO BE |
||
| 041 | _aspa | ||
| 082 |
_a620.11 _bS66 |
||
| 100 | 1 |
_92950 _aSolanilla B., Jorge H. _eautor |
|
| 245 | 1 |
_aGerencia de equipos para obras civiles y minería / _cJorge H. Solanilla B |
|
| 250 | _a1a ed. | ||
| 260 |
_aBogotá : _bBhandir editores ; _c2003 |
||
| 300 |
_a363 páginas : _btablas ; _c23 cm. |
||
| 440 |
_92952 _aBiblioteca de la construcción |
||
| 505 | 0 | _aGeneralidades y usos -- Productividad -- Costos | |
| 520 | 3 | _aEl objeto de este texto es dar un apoyo estimativo y práctico a ingenieros civiles, mecánicos de minas de vías, profesores y estudiantes de ingenieria y en general a todas las personas involucradas en la gerencia, administración, dirección, desarrollo de proyectos y control de maquinaria para obras civiles y mineria. También para crear y mantener una disciplina y hábito de trabajo mas eficiente en el momento de presupuestar y controlar proyectos que involucren estos equipos. | |
| 650 | 1 | 0 |
_9587 _aEquipos de construcción |
| 650 | 2 | 0 |
_9417 _aIndustria de la construcción |
| 650 | 2 | 0 |
_92951 _aIndustrias minerales |
| 910 |
_ahfp _bhfp _chfp |
||
| 942 |
_2ddc _cLIB |
||
| 999 |
_c5109 _d5109 |
||